书目信息 |
| 题名: |
弗洛伊德
|
|
| 作者: | 斯通 著 ;关颖 译 | |
| 分册: | 上册 | |
| 出版信息: | 上海 上海翻译出版公司 1987 |
|
| 页数: | 538页 | |
| 开本: | 19cm | |
| 丛书名: | 科学家传记丛书 | |
| 单 册: | ||
| 中图分类: | B521 | |
| 科图分类: | ||
| 主题词: | 哲学--奥地利 | |
| 电子资源: | ||
| ISBN: | 7-80514-056-1 | |
| 000 | 00798nam2 2200265 45 | |
| 001 | 0187005018 | |
| 005 | 20050421142821.8 | |
| 010 | @a7-80514-056-1@dCNY4.15 | |
| 100 | @a19900903d1987 em y0chiy0121 ea | |
| 101 | 1 | @achi@ceng |
| 102 | @aCN@b310000 | |
| 105 | @acf z 000ad | |
| 200 | 10 | @a弗洛伊德@Afu luo yi de@e精神分析大师@h上册@f(美)欧文·斯通著@F(Mei)Ou Wen·Si Tong Zhu@g关颖译 |
| 210 | @a上海@c上海翻译出版公司@d1987 | |
| 215 | @a538页@c肖像及照片@d19cm | |
| 225 | 2 | @a科学家传记丛书 |
| 410 | 0 | @120010@a科学家传记丛书 |
| 517 | 1 | @a精神分析大师@Ajing shen fen xi da shi |
| 606 | 0 | @a哲学@x奥地利 |
| 690 | @aB521@v3 | |
| 701 | 0 | @a斯通@4著 |
| 702 | 0 | @a关颖@Aguan ying@4译 |
| 801 | 0 | @aCN@b深圳图书馆@c20040422 |
| 801 | 2 | @aCN@bNLC@c20040422 |
| 905 | @dB521@e14:1@f1@b212865 | |
| 弗洛伊德:精神分析大师.上册/(美)欧文·斯通著/关颖译.-上海:上海翻译出版公司,1987 |
| 538页:肖像及照片;19cm.-(科学家传记丛书) |
| ISBN 7-80514-056-1:CNY4.15 |
| ● |
| 相关链接 |
|
|
|
|
正题名:弗洛伊德
索取号:B521/14:1
 
预约/预借
| 序号 | 登录号 | 条形码 | 馆藏地/架位号 | 状态 | 备注 |
| 1 | 0212865 | 002037548 | 第一借阅区/ [索取号:B521/14:1] |
已借出,限还日期为2016.05.02 借出人:李沙沙 |
|
| 2 | 0212866 | 001501574 | 第一借阅区/ [索取号:B521/14:1] | 在馆 | |
| 3 | 0212867 | 001979201 | 第一样本阅览室/ [索取号:B521/14:1] | 在馆 |